The convenient preparation of stable aryl-coated zerovalentiron nanoparticles; Beilstein Journal of Nanotechnology; № 6

Bibliografische gegevens
Parent link:Beilstein Journal of Nanotechnology: Scientific Journal.— , 2010-
№ 6.— 2015.— [P. 1192–1198]
Coauteur: Национальный исследовательский Томский политехнический университет (ТПУ) Институт природных ресурсов (ИПР) Кафедра технологии органических веществ и полимерных материалов (ТОВПМ)
Andere auteurs: Guselnikova O. A. Olga Andreevna, Galanov A. I. Andrey I., Gutakovskii A. K. Anton K., Postnikov P. S. Pavel Sergeevich
Samenvatting:Title screen
A novel approach for the in situ synthesis of zerovalent aryl-coated iron nanoparticles (NPs) based on diazonium salt chemistry is proposed. Surface-modified zerovalent iron NPs (ZVI NPs) were prepared by simple chemical reduction of iron(III) chloride aqueous solution followed by in situ modification using water soluble arenediazonium tosylate. The resulting NPs, with average iron core diameter of 21 nm, were coated with a 10 nm thick organic layer to provide long-term protection in air for the highly reactive zerovalent iron core up to 180 °C. The surface-modified iron NPs possess a high grafting density of the aryl group on the NPs surface of 1.23 mmol/g. FTIR spectroscopy, XRD, HRTEM, TGA/DTA, and elemental analysis were performed in order to characterize the resulting material.
Taal:Engels
Gepubliceerd in: 2015
Onderwerpen:
Online toegang:http://dx.doi.org/10.3762/bjnano.6.121
Formaat: Elektronisch Hoofdstuk
KOHA link:https://koha.lib.tpu.ru/cgi-bin/koha/opac-detail.pl?biblionumber=644106

MARC

LEADER 00000naa0a2200000 4500
001 644106
005 20250606165443.0
035 |a (RuTPU)RU\TPU\network\9154 
035 |a RU\TPU\network\9151 
090 |a 644106 
100 |a 20151028d2015 k||y0engy50 ba 
101 0 |a eng 
102 |a DE 
135 |a drcn ---uucaa 
181 0 |a i  
182 0 |a b 
200 1 |a The convenient preparation of stable aryl-coated zerovalentiron nanoparticles  |f O. A. Guselnikova [et al.] 
203 |a Text  |c electronic 
300 |a Title screen 
320 |a [References: p. 1197-1198 (41 tit.)] 
330 |a A novel approach for the in situ synthesis of zerovalent aryl-coated iron nanoparticles (NPs) based on diazonium salt chemistry is proposed. Surface-modified zerovalent iron NPs (ZVI NPs) were prepared by simple chemical reduction of iron(III) chloride aqueous solution followed by in situ modification using water soluble arenediazonium tosylate. The resulting NPs, with average iron core diameter of 21 nm, were coated with a 10 nm thick organic layer to provide long-term protection in air for the highly reactive zerovalent iron core up to 180 °C. The surface-modified iron NPs possess a high grafting density of the aryl group on the NPs surface of 1.23 mmol/g. FTIR spectroscopy, XRD, HRTEM, TGA/DTA, and elemental analysis were performed in order to characterize the resulting material. 
461 |t Beilstein Journal of Nanotechnology  |o Scientific Journal  |d 2010- 
463 |t № 6  |v [P. 1192–1198]  |d 2015 
610 1 |a электронный ресурс 
610 1 |a труды учёных ТПУ 
610 1 |a соли арилдиазония 
610 1 |a химическое восстановление 
610 1 |a ковалентная модификация 
610 1 |a наночастицы 
610 1 |a железо 
610 1 |a валентность нулевая 
610 1 |a модифицированные поверхности 
701 1 |a Guselnikova  |b O. A.  |c chemist  |c Researcher at Tomsk Polytechnic University, Candidate of Chemical Sciences  |f 1992-  |g Olga Andreevna  |3 (RuTPU)RU\TPU\pers\34478  |9 17861 
701 1 |a Galanov  |b A. I.  |g Andrey I. 
701 1 |a Gutakovskii  |b A. K.  |g Anton K. 
701 1 |a Postnikov  |b P. S.  |c organic chemist  |c Associate Professor of Tomsk Polytechnic University, Candidate of chemical sciences  |f 1984-  |g Pavel Sergeevich  |3 (RuTPU)RU\TPU\pers\31287  |9 15465 
712 0 2 |a Национальный исследовательский Томский политехнический университет (ТПУ)  |b Институт природных ресурсов (ИПР)  |b Кафедра технологии органических веществ и полимерных материалов (ТОВПМ)  |3 (RuTPU)RU\TPU\col\18659 
801 2 |a RU  |b 63413507  |c 20151028  |g RCR 
850 |a 63413507 
856 4 |u http://dx.doi.org/10.3762/bjnano.6.121 
942 |c CF